Aktívne bankové operácie diplomová práca

Salvato in:
Dettagli Bibliografici
Autore principale: Piroha, Ondrej
Ente Autore: Národohospodárska fakulta EU. Katedra bankovníctva a medzinárodných financií
Altri autori: Klimiková, Mária
Natura: Libro
Lingua:slovacco
Pubblicazione: Bratislava 2010
Tags: Aggiungi Tag
Nessun Tag, puoi essere il primo ad aggiungerne!!

MARC

LEADER 00000nam a2200000 4500
001 0119554
005 20240318121646.5
041 0 |a slo 
044 |a SK 
245 1 0 |a Aktívne bankové operácie  |b diplomová práca  |c Ondrej Piroha ; škol. Mária Klimiková 
264 1 |a Bratislava  |c 2010 
300 |a 62 s. 
100 1 |a Piroha, Ondrej 
700 1 |a Klimiková, Mária 
710 2 |a Národohospodárska fakulta EU. Katedra bankovníctva a medzinárodných financií